00287 2200121 4500245006000000250001100060100002300071650001100094005001900105260001800124041001400142336000900156 aLAPORAN KARYA SISWAb : SAPIcAUREL RUBY SEVILLAhText aCet. 1 aAUREL RUBY SEVILLA aB07255 a20240829120109 aJakartac2024 aIndonesia atext